00502nam a2200109Ia 4500008004100000082001900041245006300060260002800123300001700151500008900168650013500257120622s9999 xx 000 0 und d a091.0972 R173c aCódice Ramírez : manuscrito del siglo XVI : intitulado aMéxico : Innovación a294, [10] p. a"Examen de la obra, con un anexo de cronología mexicana por Manuel Orozco y Berra" a1. CODICE RAMIREZ \ 2. MEXICO - HISTORIA - DESCUBRIMIENTO Y CONQUISTA, 1517-1521 - FUENTES \ 3. MANUSCRITOS - MEXICO - HISTORIAÌ